Éltető káosz a planktonok világában. (Haos benefic in lumea planctonilor). [Beneficial chaos in the Planktons world.

Elmentve itt :
Bibliográfiai részletek
Szerző: PÉNTEK Áron ; TOROCZKAI Zoltán
Adatforrás:Meister
Forrásdokumentuma:Korunk. -
2000. 3, 76-79.
Nyelv:magyar
Kulcsszavak:rendszerelmélet
káoszelmélet
populációdinamika
planktonparadoxon
teoria sistemelor
teoria haosului
paradoxul planctonului
dinamica populatiilor
theory of systems
theory of chaos
populationdymanics
plancton paradox
tudomány
stiinta
science
LEADER 00897nab a2200289 i 4500
001 bibPRO00012679
008 080908s2000 xx hun
040 |a Sz1 
041 |a hun 
100 1 |a PÉNTEK Áron ; TOROCZKAI Zoltán 
245 1 0 |a Éltető káosz a planktonok világában. (Haos benefic in lumea planctonilor). [Beneficial chaos in the Planktons world.  |c PÉNTEK Áron ; TOROCZKAI Zoltán 
695 |a rendszerelmélet 
695 |a káoszelmélet 
695 |a populációdinamika 
695 |a planktonparadoxon 
695 |a teoria sistemelor 
695 |a teoria haosului 
695 |a paradoxul planctonului 
695 |a dinamica populatiilor 
695 |a theory of systems 
695 |a theory of chaos 
695 |a populationdymanics 
695 |a plancton paradox 
695 |a tudomány 
695 |a stiinta 
695 |a science 
773 0 |t Korunk. -  |g 2000. 3, 76-79.